Beatles Song to Album: Click Quiz - Statistics

General Stats
  • This quiz has been taken 400 times
    395 since last reset
  • The average score is 25 of 39
Answer Stats
Hint Answer % Correct
Lucy in the Sky with Diamonds Sgt. Pepper's Lonely Hearts Club Band
83%
Here Comes the Sun Abbey Road
80%
While My Guitar Gently Weeps The White Album
79%
A Day in the Life Sgt. Pepper's Lonely Hearts Club Band
78%
Ob-La-Di, Ob-La-Da The White Album
78%
Come Together Abbey Road
77%
When I'm Sixty-Four Sgt. Pepper's Lonely Hearts Club Band
75%
Blackbird The White Album
75%
I Am the Walrus Magical Mystery Tour
74%
The Long and Winding Road Let It Be
73%
Octopus's Garden Abbey Road
72%
Get Back Let It Be
72%
Across the Universe Let It Be
72%
Strawberry Fields Forever Magical Mystery Tour
71%
Eleanor Rigby Revolver
71%
Michelle Rubber Soul
70%
In My Life Rubber Soul
69%
Love Me Do Please Please Me
68%
Penny Lane Magical Mystery Tour
67%
Ticket to Ride Help!
66%
Nowhere Man Rubber Soul
66%
Yesterday Help!
65%
Twist and Shout Please Please Me
64%
Tomorrow Never Knows Revolver
64%
Can't Buy Me Love A Hard Day's Night
61%
I Saw Her Standing There Please Please Me
60%
You've Got to Hide Your Love Away Help!
58%
Hey Bulldog Yellow Submarine
58%
And I Love Her A Hard Day's Night
57%
Roll Over Beethoven With the Beatles
55%
Got to Get You Into My Life Revolver
54%
All Together Now Yellow Submarine
54%
Eight Days a Week Beatles for Sale
53%
All My Loving With the Beatles
51%
Baby's in Black Beatles for Sale
50%
You Really Got a Hold on Me With the Beatles
44%
Every Little Thing Beatles for Sale
43%
It's All Too Much Yellow Submarine
41%
You Can't Do That A Hard Day's Night
39%
No matching quizzes found
Score Distribution
Percent of People with Each Score
Percentile by Number Answered
Your Score History
You have not taken this quiz since the last reset